Nursing today: transition and trends. / (Record no. 9249)
[ view plain ]
| 000 -LEADER | |
|---|---|
| fixed length control field | 02307cam a22003494a 4500 |
| 001 - CONTROL NUMBER | |
| control field | 16645702 |
| 003 - CONTROL NUMBER IDENTIFIER | |
| control field | OSt |
| 005 - DATE AND TIME OF LATEST TRANSACTION | |
| control field | 20221004145400.0 |
| 008 - FIXED-LENGTH DATA ELEMENTS--GENERAL INFORMATION | |
| fixed length control field | 110208s2011 moua b 001 0 eng |
| 010 ## - LIBRARY OF CONGRESS CONTROL NUMBER | |
| LC control number | 2011005796 |
| 020 ## - INTERNATIONAL STANDARD BOOK NUMBER | |
| International Standard Book Number | 9781437725674 (pbk. : alk. paper) |
| 035 ## - SYSTEM CONTROL NUMBER | |
| System control number | (DNLM)101553624 |
| 040 ## - CATALOGING SOURCE | |
| Original cataloging agency | DNLM/DLC |
| Transcribing agency | LC |
| 042 ## - AUTHENTICATION CODE | |
| Authentication code | pcc |
| 050 00 - LIBRARY OF CONGRESS CALL NUMBER | |
| Classification number | RT82.N87 |
| 082 00 - DEWEY DECIMAL CLASSIFICATION NUMBER | |
| Classification number | 610.7306/9 |
| Edition number | 22 |
| 245 00 - TITLE STATEMENT | |
| Title | Nursing today: transition and trends. / |
| Statement of responsibility, etc. | [edtied by] JoAnn Zerwekh, Ashley Zerwekh Garneau. |
| 250 ## - EDITION STATEMENT | |
| Edition statement | 7th ed. |
| 260 ## - PUBLICATION, DISTRIBUTION, ETC. | |
| Place of publication, distribution, etc. | St. Louis: |
| Name of publisher, distributor, etc. | Elsevier/Saunders, |
| Date of publication, distribution, etc. | 2011. |
| 300 ## - PHYSICAL DESCRIPTION | |
| Extent | xxix, 608 p. : |
| Other physical details | col. ill. ; |
| Dimensions | 24 cm. |
| 504 ## - BIBLIOGRAPHY, ETC. NOTE | |
| Bibliography, etc. note | Includes bibliographical references and index. |
| 505 0# - FORMATTED CONTENTS NOTE | |
| Formatted contents note | Contents: Professional growth and transition: Role transitions -- Personal management: time and self-care strategies -- Mentorship and preceptorship -- Career development: Employment considerations : opportunities, resumes, and interviewing -- NCLEX-RN(r) examination and the new graduate -- Nursing: a developing profession: Historical perspectives: influences on the present -- Nursing education -- Nursing theory -- Image of nursing: influences of the present -- Nursing management: Challenges of nursing management and leadership -- Building nursing management skills -- Effective communication and team building -- Conflict management -- Delegation in the clinical setting --Current issues in health care: The health care organization and patterns of nursing care delivery -- Economics of the health care delivery system -- Political action in nursing -- Collective bargaining: traditional (union) and nontraditional approaches -- Ethical issues -- Legal issues -- Contemporary nursing practice: Cultural and spiritual awareness -- Quality patient care -- Nursing informatics -- Using nursing research in practice -- Workplace issues -- Emergency preparedness -- |
| 650 #0 - SUBJECT ADDED ENTRY--TOPICAL TERM | |
| Topical term or geographic name entry element | Nursing |
| General subdivision | Vocational guidance. |
| 9 (RLIN) | 512 |
| 650 #0 - SUBJECT ADDED ENTRY--TOPICAL TERM | |
| Topical term or geographic name entry element | Nursing |
| General subdivision | Social aspects. |
| 9 (RLIN) | 125 |
| 650 12 - SUBJECT ADDED ENTRY--TOPICAL TERM | |
| Topical term or geographic name entry element | Nursing. |
| 9 (RLIN) | 102 |
| 650 22 - SUBJECT ADDED ENTRY--TOPICAL TERM | |
| Topical term or geographic name entry element | Vocational Guidance. |
| 9 (RLIN) | 472 |
| 700 1# - ADDED ENTRY--PERSONAL NAME | |
| Personal name | Zerwekh, JoAnn |
| 9 (RLIN) | 513 |
| 700 1# - ADDED ENTRY--PERSONAL NAME | |
| Personal name | Garneau, Ashley Zerwekh. |
| 9 (RLIN) | 514 |
| 906 ## - LOCAL DATA ELEMENT F, LDF (RLIN) | |
| a | 7 |
| b | cbc |
| c | orignew |
| d | 1 |
| e | ecip |
| f | 20 |
| g | y-gencatlg |
| 942 ## - ADDED ENTRY ELEMENTS (KOHA) | |
| Source of classification or shelving scheme | Library of Congress Classification |
| Koha item type | Books |
| Withdrawn status | Lost status | Source of classification or shelving scheme | Damaged status | Not for loan | Home library | Current library | Shelving location | Date acquired | Total Checkouts | Full call number | Barcode | Date last seen | Price effective from | Koha item type |
|---|---|---|---|---|---|---|---|---|---|---|---|---|---|---|
| Library of Congress Classification | WISCONSIN INTERNATIONAL UNIVERSITY COLLEGE, GHANA KUMASI LIBRARY | WISCONSIN INTERNATIONAL UNIVERSITY COLLEGE, GHANA KUMASI LIBRARY | nursing | 29/11/2019 | RT82.N87(7e) | KSN/912/912/19 | 04/10/2022 | 04/10/2022 | Books |
